Une année, une série - Statistiques

Statistiques générales
  • Ce quiz a été pris 30 fois
  • Le résultat moyen est 12 sur 27
Statistiques - réponses
Hint Réponse % Correct
2017 Dark / Big Little lies / Riverdale / Anne with an a / Atypical / Dynastie / The end of the fucking world / Les Demoiselles du téléphone / La casa de papel
83%
2005 Supernatural / Prison Break / How I met your mother / Grey's Anatomy / Gost Whisperer
79%
2008 True Blood / 90210 / Beverly Hills / Survivors / Mentalist / Breaking bad
76%
2004 Veronica Mars / Desperate Housewives / Lost / Dr House
72%
2001 The Office / Scrubs / Degrassi / Ma famille d'abord
66%
2022 L'été ou je suis devenue jolie / Surviving Summer / Les 7 vie de Léa / Hearstopper / Mercredi / The Bear
59%
2010 Pretty Little Liars / The walking dead / Parenthood
59%
2003 Les frères Scott / Newport Beach / NCIS
55%
2007 Skins / Gossip Girl / Heartland / The big bang theory / American Wives
55%
2016 This is us / Shadowhunters / Victoria / Lucifer / Stranger things / The Good Place
55%
2018 You / Succession / Insatiable / Baby / On my block / The rain / Good Girls / Elite
55%
2000 Malcolm / Gilmore Girls
48%
2013 The originals / Devious Maid / Orange is the new black / Peaky Blinders / Brooklyn Nine-nine / Vikings
45%
2009 The Vampire Diaries / Drop Dead Diva / Modern Family / The good Wife / Glee
45%
2014 Murder / Outlander / Jane the virgin / The 100
41%
2011 Teen Wolf / Revenge / Suits / American Horror story / New Girl / Once upon a time / Shameless
41%
2026 The testament / 56 Days / Rêve de glace / Love Story / Girl Taken
41%
2021 Young Royals / Ginny et Georgia / Winx / Cruel Summer / Shadow and Bones / Squid Games
41%
2020 Outer Banks / Tiny pretty things / Spinning out / Mes premières fois / Emily in paris / Control Z / Le jeu de la Dame / La chronique des Bridgerton
38%
2019 Virgin river / Chernobyl / Euphoria / Sex education / Dead to me / Modern Love / The Society
34%
2012 Revolution / Arrow / Les revenant / Elementary / Scandal
28%
2006 Kyle XY / Ugly Betty / H2o / Hannah montana
24%
2024 Fallout / Ni una mas / Nobody wants this / Sexe intentions / Meurtre mode d'emplois / The Gentleman / Maxton Hall / One Day
14%
2023 Ma vie avec les walter boys / The last of us / XO, Kitty / The Buccarneers
14%
2025 Nous les menteurs / The girlfriend / Olympo / Apple Cider Vinegar
14%
2015 Skam / Narcos / Sense8 / Dix pour cent
14%
2002 Un, dos, tres / Monk / The Shield / Kim possible
14%
Aucun quiz correspondant
Distribution des résultats
% des personnes avec chaque résultat
Percentile par nombre de réponses
Votre historique - résultats
Vous n’avez pas pris ce quiz